Public economics. (Record no. 107622)
[ view plain ]
| 000 -LEADER | |
|---|---|
| fixed length control field | 00481nam a2200193Ia 4500 |
| 003 - CONTROL NUMBER IDENTIFIER | |
| control field | OSt |
| 005 - DATE AND TIME OF LATEST TRANSACTION | |
| control field | 20251004104113.0 |
| 008 - FIXED-LENGTH DATA ELEMENTS--GENERAL INFORMATION | |
| fixed length control field | 210210b2004 xxu||||| |||| 00| 0 eng d |
| 040 ## - CATALOGING SOURCE | |
| Transcribing agency | AL |
| 041 ## - LANGUAGE CODE | |
| Language code of text/sound track or separate title | English |
| 082 ## - DEWEY DECIMAL CLASSIFICATION NUMBER | |
| Classification number | 336 KALP |
| 100 ## - MAIN ENTRY--PERSONAL NAME | |
| Personal name | KALLURAYA P (Shripathi) and others. |
| 9 (RLIN) | 148660 |
| 245 ## - TITLE STATEMENT | |
| Title | Public economics. |
| 260 ## - PUBLICATION, DISTRIBUTION, ETC. | |
| Place of publication, distribution, etc. | Mangalore |
| Name of publisher, distributor, etc. | Mangala publications |
| Date of publication, distribution, etc. | 2004 |
| 300 ## - PHYSICAL DESCRIPTION | |
| Extent | vi,170 |
| 690 ## - LOCAL SUBJECT ADDED ENTRY--TOPICAL TERM (OCLC, RLIN) | |
| Topical term or geographic name as entry element | Public Economics |
| 9 (RLIN) | 148661 |
| 906 ## - LOCAL DATA ELEMENT F, LDF (RLIN) | |
| a | 060850 |
| 942 ## - ADDED ENTRY ELEMENTS (KOHA) | |
| Source of classification or shelving scheme | Dewey Decimal Classification |
| Koha item type | Book |
| Withdrawn status | Lost status | Damaged status | Not for loan | Collection code | Home library | Current library | Shelving location | Date acquired | Source of acquisition | Cost, normal purchase price | Total Checkouts | Full call number | Barcode | Date last seen | Price effective from | Koha item type | Date last checked out |
|---|---|---|---|---|---|---|---|---|---|---|---|---|---|---|---|---|---|
| St Aloysius Library | St Aloysius Library | 02/17/2021 | School Book Company, Mangalore | 60.00 | 336 KALP | 060850 | 02/17/2021 | 02/17/2021 | Book | ||||||||
| St Aloysius Library | St Aloysius Library | 02/17/2021 | Mangala Publications, Bejai, Mangalore | 60.00 | 1 | 336 KALP | 060864 | 05/30/2022 | 02/17/2021 | Book | 05/28/2022 |